Učební slovník jazyka čínského I
Saved in:
| Main Author | |
|---|---|
| Format | Book |
| Language | Czech Chinese |
| Published |
Olomouc :
Univerzita Palackého,
1998
|
| Edition | 1. vyd. |
| Subjects | |
| ISBN | 8070679077 |
| Physical Description | lxiii, 50, 289 s. : il. ; 30 cm |
| LEADER | 00000cam a22000007a 4500 | ||
|---|---|---|---|
| 001 | 18004 | ||
| 003 | CZ-ZlUTB | ||
| 005 | 20190825233649.0 | ||
| 008 | 990618s1998 xr |||||r|||||||||||cze|d | ||
| 020 | |a 8070679077 |q (váz.) | ||
| 040 | |a ABA001 |b cze |c ABA001 |d ZLD002 | ||
| 041 | |a cze |a chi | ||
| 072 | 7 | |a 811.58 |x Čínské jazyky |2 Konspekt |9 11 | |
| 072 | 7 | |a 37.016 |x Učební osnovy. Vyučovací předměty. Učebnice |2 Konspekt |9 22 | |
| 080 | |a (038) |2 v | ||
| 080 | |a (075) |2 v | ||
| 080 | |a 811.162.3'374 |2 v | ||
| 080 | |a 811.581.11 |2 v | ||
| 080 | |a 811.581.11'374 |2 v | ||
| 100 | 1 | |a Švarný, Oldřich, |d 1920-2011 |7 jk01131857 |4 aut | |
| 245 | 1 | 0 | |a Učební slovník jazyka čínského I / |c Oldřich Švarný |
| 250 | |a 1. vyd. | ||
| 260 | |a Olomouc : |b Univerzita Palackého, |c 1998 | ||
| 300 | |a lxiii, 50, 289 s. : |b il. ; |c 30 cm | ||
| 500 | |a Obsahuje rejstřík znaků podle výslovnosti | ||
| 500 | |a Poznámky | ||
| 500 | |a Zkratky a symboly | ||
| 650 | 0 | 4 | |a ČÍNŠTINA |
| 655 | 7 | |a učebnice |7 fd133770 |2 czenas | |
| 910 | |a ZLD002 | ||
| 952 | |0 0 |1 0 |4 0 |6 8095ŠVARNÝO |7 0 |8 BOOK |9 31126 |a UTBZL |b UTBZL |c 005 |d 2006-07-29 |l 0 |o 809.5/ŠVARNÝ,O. |p 420010084057 |r 2019-08-25 00:00:00 |v 211.00 |w 2019-08-25 |x N:nákup - dotace KFMZ 2003 | 20100831 |y 01 | ||
| 952 | |0 0 |1 0 |4 0 |6 8095ŠVARNÝO |7 0 |8 BOOK |9 31127 |a UTBZL |b UTBZL |c 006 |d 2006-07-29 |l 3 |o 809.5/ŠVARNÝ,O. |p 420010084058 |r 2019-08-25 00:00:00 |v 211.00 |w 2019-08-25 |x N:nákup - dotace KFMZ 2003 | 20100831 |y 04 | ||
| 992 | |a BK |b SK |d 3 | ||
| 999 | |c 18004 |d 18004 | ||